00862cam a2200217 a 450000100100000000500170001000800410002702000180006804000320008608200190011810000490013724500460018626000290023230000210026150000530028265000290033565000320036495201160039695201170051299900150062900000943720200929161608.0030228s2001 xx 000 0 spa  a9789962021445 aDO-SdBNPbspacBNPHUdBNPHU aP863.44bT172c1 aTapia Rodríguez, Rose Marie,d1947-92423410aCaminos y encuentros /cRose Marie Tapia. as.l. :bAlvarado,c200?. a197 p. ;c21 cm. aLa biblioteca posee un ejemplar autobiografiado. 4aNovela panameña921757 4aLiteratura panameña94261 001050718MOaGRbGRcHDd2009-09-29iLF1l0oP863.44 T172cp9437-10r2020-06-25w2020-06-25y1ZNo se presta 0010507-18MOaGRbGRcOId2017-05-29iLF1l0oP863.44 T172cp9437-20r2020-06-25w2020-06-25y1ZNo se presta c9197d9197